| 000 | 00928 a2200241 4500 | ||
|---|---|---|---|
| 020 | _a0071154108 | ||
| 020 | _a9780071154109 | ||
| 090 |
_c538 _d538 |
||
| 100 | 1 | _aNahmias, Steven. | |
| 245 | 1 | 0 |
_aProduction and operations analysis / _cSteven Nahmias. |
| 250 | _a3Rev Ed ed. | ||
| 260 |
_a[S.l.] : _bMcGraw-Hill Education (ISE Editions), _c1997. |
||
| 300 | _a869 p. | ||
| 490 | 1 | _aMcgraw-hill international editions: management & organization series. | |
| 500 | _aImport. | ||
| 500 | _aPaperback. | ||
| 650 | 4 | _aProduction & quality control management. | |
| 650 | 4 | _aManagement and Business Administration. | |
| 830 | 0 | _aMcgraw-hill international editions: management & organization series. | |
| 856 | 4 | 0 |
_3Amazon.com _uhttp://www.amazon.com/exec/obidos/ASIN/0071154108/chopaconline-20 |
| 856 | 4 | 0 |
_3Amazon customer reviews _uhttp://www.chopac.org/cgi-bin/tools/azrev.pl?q=0071154108 |
| 942 |
_aNBS _cBK _k658.5 NAH |
||
| 999 |
_c343096 _d343096 |
||